| 000 | 00723nmc a2200289 a 4500 | ||
|---|---|---|---|
| 003 | AR-BaBNM | ||
| 005 | 20251128203141.0 | ||
| 008 | 097119s1964 ||||||||||||||000 | spa|| | ||
| 040 | _cAR-BaBNM | ||
| 100 | 1 |
_aAstrada, Carlos _d1894-1970 |
|
| 245 | 1 | 0 | _aEl mito gaucho |
| 250 | _a2ยช ed. | ||
| 260 |
_aBuenos Aires _bEdiciones Cruz del Sur _c1964 |
||
| 300 | 0 | _a151 p. | |
| 490 | 0 | _aAltipampa | |
| 650 | 4 | _aLITERATURA ARGENTINA | |
| 650 | 4 | _aENSAYO | |
| 650 | 4 | _aCRITICA LITERARIA | |
| 650 | 4 | _aFILOSOFIA LITERARIA | |
| 650 | 4 | _aCOSTUMBRES Y TRADICIONES | |
| 653 | 0 | _aGAUCHOS | |
| 653 | 0 | _aLITERATURA GAUCHESCA | |
| 653 | 0 | _aINFLUENCIA CLASICA | |
| 655 | _aLITERATURA | ||
| 942 | _cBK | ||
| 998 | _cMARTIN | ||
| 999 |
_c2140 _d2140 |
||